Paget's law of banking / (Record no. 452)

000 -LEADER
fixed length control field 00848pam a22002894a 4500
001 - CONTROL NUMBER
control field 15061746
003 - CONTROL NUMBER IDENTIFIER
control field OSt
005 - DATE AND TIME OF LATEST TRANSACTION
control field 20140116120828.0
008 - FIXED-LENGTH DATA ELEMENTS--GENERAL INFORMATION
fixed length control field 071029s2007 enk b 001 0 eng
010 ## - LIBRARY OF CONGRESS CONTROL NUMBER
LC control number 2007534286
015 ## - NATIONAL BIBLIOGRAPHY NUMBER
National bibliography number GBA656041
Source bnb
016 7# - NATIONAL BIBLIOGRAPHIC AGENCY CONTROL NUMBER
Record control number 013495106
Source Uk
020 ## - INTERNATIONAL STANDARD BOOK NUMBER
International Standard Book Number 9781405712989
040 ## - CATALOGING SOURCE
Original cataloging agency Uk
Transcribing agency Uk
Modifying agency NhCcYBP
-- DLC
050 00 - LIBRARY OF CONGRESS CALL NUMBER
Classification number KD1715.P34 2007
245 00 - TITLE STATEMENT
Title Paget's law of banking /
Statement of responsibility, etc Editor, Mark Hapgood
246 3# - VARYING FORM OF TITLE
Title proper/short title Law of banking
250 ## - EDITION STATEMENT
Edition statement 13th ed.
260 ## - PUBLICATION, DISTRIBUTION, ETC. (IMPRINT)
Place of publication, distribution, etc London :
Name of publisher, distributor, etc LexisNexis Butterworths,
Date of publication, distribution, etc 2007.
300 ## - PHYSICAL DESCRIPTION
Extent c, 973 p.
504 ## - BIBLIOGRAPHY, ETC. NOTE
Bibliography, etc Includes bibliographical references and index.
650 #0 - SUBJECT ADDED ENTRY--TOPICAL TERM
Topical term or geographic name as entry element Banking law
Geographic subdivision England.
700 1# - ADDED ENTRY--PERSONAL NAME
Personal name Hapgood, Mark.
700 1# - ADDED ENTRY--PERSONAL NAME
Personal name Paget, John R.
Fuller form of name (John Rahere),
Dates associated with a name 1904.
Title of a work Law of banking.
906 ## - LOCAL DATA ELEMENT F, LDF (RLIN)
a 7
b cbc
c copycat
d 2
e ncip
f 20
g y-gencatlg
942 ## - ADDED ENTRY ELEMENTS (KOHA)
Source of classification or shelving scheme
Koha item type Book
Holdings
Withdrawn status Lost status Source of classification or shelving scheme Damaged status Not for loan Home library Current library Date acquired Source of acquisition Cost, normal purchase price Total Checkouts Full call number Barcode Date last seen Date checked out Copy number Price effective from Koha item type Total Renewals
          Riara University Library Riara University Library 20/10/2011 Purchase 55675.00 6 KD1715.P34 2007 347/11 03/12/2021 04/06/2021 C.1 20/10/2011 Book  
          Riara University Library Riara University Library 20/10/2011 Purchase 55675.00 6 KD1715.P34 2007 346/11 05/09/2019 19/08/2019 C.2 20/10/2011 Book 4
          Riara University Library Riara University Library 20/10/2011 Purchase 55675.00 4 KD1715.P34 2007 348/11 03/09/2019 27/08/2019 C.3 20/10/2011 Book 1

Riara University Library,
P.O. Box 49940-00100,
Nairobi, Kenya.